Welcome to the Holygrace Academy Library

Please use search bar below to get started

GLOBAL QUIZ BANK (Record no. 6866)

MARC details
000 -LEADER
fixed length control field 00277nam a22001337a 4500
020 ## - INTERNATIONAL STANDARD BOOK NUMBER
ISBN 93-813849-3-2
082 ## - DEWEY DECIMAL CLASSIFICATION NUMBER
Classification number 001
Item number AMB/G
100 ## - MAIN ENTRY--AUTHOR NAME
Personal name AMBAT, GLADYS
245 ## - TITLE STATEMENT
Title GLOBAL QUIZ BANK
260 ## - PUBLICATION, DISTRIBUTION, ETC. (IMPRINT)
Place of publication NEW DELHI
Name of publisher V & S PUBLISHERS
300 ## - PHYSICAL DESCRIPTION
Number of Pages 256
520 ## - SUMMARY, ETC.
Summary, etc QUIZ
942 ## - ADDED ENTRY ELEMENTS (KOHA)
Koha item type Books
Holdings
Withdrawn status Lost status Collection code Home library Current library Shelving location Date acquired Source of acquisition Cost, normal purchase price Full call number Accession Number Koha item type
    G.K Main Library Main Library NEW SHELF WITH NEW ENTRY 26/10/2023 Purchase 295.00 001 AMB/G 13005 Books